000 00330nam a2200133Ia 4500
008 230917s9999||||xx |||||||||||||| ||und||
040 _e142564
_aMAIN
041 _aEnglish
082 _a940.28 O2D
245 0 _aDocument collection
260 _aMilton Keynes
_bThe Open University Press
_c1976
300 _a114p p.
942 _cBK
999 _c43881
_d43881